Nositel Nobelovy ceny za ekonomii 1998

Amartya Kumar Sen ako nositeľ Nobelovej ceny z roku 1998 za prínos k rozvoju ekonómie a blahobytu.

Guardado en:
Detalles Bibliográficos
Autor principal: Sirůček, Pavel
Formato: Capítulo de libro
Lenguaje:checo
Materias:
Etiquetas: Agregar Etiqueta
Sin Etiquetas, Sea el primero en etiquetar este registro!

MARC

LEADER 00000naa$a2200000$$$4500
001 0103028
005 20231116104819.6
041 0 |a cze 
044 |a CZ 
245 1 0 |a Nositel Nobelovy ceny za ekonomii 1998  |c Pavel Sirůček 
520 |a Amartya Kumar Sen ako nositeľ Nobelovej ceny z roku 1998 za prínos k rozvoju ekonómie a blahobytu. 
610 2 0 |a Nobelova cena 
610 2 0 |a Sen, A. 
610 2 0 |a 1998 
610 2 0 |a veda ekonomická 
610 2 0 |a ekonómia blahobytu 
100 1 |a Sirůček, Pavel